La obra completa : (Record no. 190599)

MARC details
000 -LEADER
campo de control de longitud fija 01768nam a2200337 i 4500
001 - NÚMERO DE CONTROL
campo de control 190599
003 - IDENTIFICADOR DE NÚMERO DE CONTROL
campo de control ES-MaACL
005 - FECHA Y HORA DE LA ÚLTIMA TRANSACCIÓN
campo de control 20251122151511.0
008 - DATOS DE LONGITUD FIJA--INFORMACIÓN GENERAL
campo de control de longitud fija 220112s2018 sp a 001 mbspa
020 ## - NÚMERO INTERNACIONAL ESTÁNDAR DEL LIBRO
Número Internacional Estándar del Libro 978-84-414-3778-4
080 ## - NÚMERO DE LA CLASIFICACIÓN DECIMAL UNIVERSAL
Número de la Clasificación Decimal Universal 821.134.2-82"19"
100 1# - ENTRADA PRINCIPAL--NOMBRE DE PERSONA
Nombre de persona Hernández, Miguel,
Fechas asociadas al nombre 1910-1942
9 (RLIN) 62844
245 13 - MENCIÓN DEL TÍTULO
Título La obra completa :
Resto del título poesía, teatro, cuentos y crónicas /
Mención de responsabilidad, etc. Miguel Hernández ; edición de Jesucristo Riquelme, con la colaboración de Carlos R. Talamás.
246 34 - FORMA VARIANTE DEL TITULO
Título propio/Titulo breve La obra completa de Miguel Hernández
250 ## - MENCION DE EDICION
Mención de edición 1ª ed., 1ª reimp., rev.
260 ## - PUBLICACIÓN, DISTRIBUCIÓN, ETC.
Lugar de publicación, distribución, etc. Madrid :
Nombre del editor, distribuidor, etc. Edaf,
Fecha de publicación, distribución, etc. 2018.
300 ## - DESCRIPCIÓN FÍSICA
Extensión 1899 p. :
Otras características físicas il., fot. ;
Dimensiones 23 cm.
490 1# - MENCIÓN DE SERIE
Mención de serie Obras inmortales
500 ## - NOTA GENERAL
Nota general Índices.
504 ## - NOTA DE BIBLIOGRAFÍA, ETC.
Nota de bibliografía, etc. Bibliografía: p. 174-186.
505 8# - NOTA DE CONTENIDO CON FORMATO
Nota de contenido con formato Contiene: Semblanza de Miguel Hernández ; Trayectoria de Miguel Hernández / Jesucristo Riquelme . Poesía ; Teatro ; Prosas literarias, crónicas periodísticas ; Cuentos . Apéndices: Poemas tachados, incompletos y apócrifos ; Fragmentos teatrales ; Prosa fragmentada: "La tragedia de Calisto" ; Biografías de toreros ; Apotegmas y aforismos ; Reflexiones y pensamientos dispersos y en borrador ; Entrevista . Anotaciones críticas y comentarios
594 ## - Nota al título y mención de responsabilidad
Nota al título y mención de responsabilidad En verso de anteport.: 75 aniversario de la muerte de Miguel Hernández
600 14 - PUNTO DE ACCESO ADICIONAL DE MATERIA--NOMBRE DE PERSONA
Nombre de persona Hernández, Miguel,
Fechas asociadas al nombre 1910-1942-
Subdivisión general Biografías
9 (RLIN) 62845
700 1# - ENTRADA AGREGADA--NOMBRE PERSONAL
Nombre de persona Riquelme, Jesucristo,
Fechas asociadas al nombre 1956-
9 (RLIN) 149038
700 1# - ENTRADA AGREGADA--NOMBRE PERSONAL
Nombre de persona Talamás, Carlos R.
9 (RLIN) 174046
740 32 - ENTRADA AGREGADA--TÍTULO RELACIONADO/ANALÍTICO NO CONTROLADO
Título relacionado o analítico no controlado La obra completa de Miguel Hernández.
830 1# - PUNTO DE ACCESO ADICIONAL DE SERIE-TÍTULO UNIFORME
Título uniforme Obras inmortales
9 (RLIN) 193504
852 4# - LOCALIZACIÓN
Ubicación ES-MaACL
Número de control de estantería A-14861
itemnumber 197777
Sublocalización o colección R.152293
Ubicación en estantería Depósito 1
Signatura antigua Olim: N-7861
Donativo/Legado Donación: Editorial
Encuadernación Encuadernación en cartone
942 ## - ELEMENTOS DE ENTRADA SECUNDARIOS (KOHA)
Fuente del sistema de clasificación o colocación Clasificación decimal universal
Holdings
Estatus retirado Estado de pérdida Fuente del sistema de clasificación o colocación Estado de daño No para préstamo Biblioteca de origen Biblioteca actual Ubicación en estantería Fecha de adquisición Fuente de adquisición Total de préstamos Signatura topográfica completa Código de barras Visto por última vez Precio de reemplazo Tipo de ítem Koha
    Clasificación decimal universal     Biblioteca del Ateneo de Madrid Biblioteca del Ateneo de Madrid Depósito 1 12/01/2022 Donación   A-14861 1202816 23/02/2023 23/02/2023 Libro impreso